| 000 | 03176nam a2200253 4500 | ||
|---|---|---|---|
| 003 | DO-SdBJH | ||
| 005 | 20260313223614.0 | ||
| 008 | 260312b2025 |||da||| |||| 00| 0 spa d | ||
| 040 |
_aDO-SdBJH _bspa _cDO-SdBJH |
||
| 041 | 0 | _aspa | |
| 090 |
_aCT MA-DHJH 0003 _bEGDDHH 2025 |
||
| 100 | 1 |
_aRodriguez Rosario, Miguela Nieve _esustentante |
|
| 245 | 1 | 3 |
_aEl uso de los ríos fronterizos de la Repûblica Dominicana y sus implicaciones legales entre el derecho internacional : _bperiodo 2020-2024 / _cNieve Míguela Rosario Rodríguez, Kirsy Alexandra Puente Cabrera ; asesor metodológico Dominga Méndez Medina ; asesor de contenido Ronny Santana Morillo. |
| 260 |
_aSanto Domingo, Repûblica Dominicana : _bUNADE, _c2025. |
||
| 300 |
_a XXI,123 páginas : _bilustraciones. |
||
| 502 | _aTesis y trabajo de grado (Maestría en Derechos Humanos y Derecho Internacional Humanitario)-- Universidad Nacional para la Defensa "General Juan Pablo Duarte y Diez", Escuela de Graduados de Derechos Humanos y Derecho Internacional Humanitario, Santo Domingo, 2024. | ||
| 504 | _aIncluye referencias bibliográficas, apéndices y anexos. | ||
| 505 | _aCaracterísticas fisiográficas en la frontera Dominico-Haitiana -- Marco legal internacional y nacional del uso de los ríos fronterizos en Repûblica Dominicana -- Implicaciones legales y de derechos humanos del uso de los ríos fronterizos durante el periodo 2020-2024. | ||
| 520 | _aEsta tesis aborda como se han utilizado los ríos que comparten la Repûblica Dominicana y Haití y que consecuencias ha tenido esto en materia de derechos humanos y derecho internacional humanitario entre el periodo 2020-2024. El análisis parte de un enfoque amplio que permite observar no solo el estado de los ríos, sino también las tensiones que han surgido por su sobreuso, su contaminación y la forma en que ambos piases han intentado responder. El periodo estudiado ha estado macado por una creciente competencia por el agua, lo que ha puesto en evidencia la importancia y al mismo tiempo la falta de mecanismos de cooperación eficaces. Situaciones recientes, como la construcción de obras hídricas en el rio Masacre o los episodios de contaminación en el Artibonito, muestran como estos conflictos afectan directamente a la comunidades fronterizas y, a la vez, reflejan la fragilidad del dialogo bilateral. A esto se suma la ausencia de acuerdos claros y de un marco regulatorio que permita gestionar los ríos de manera sostenible. La consecuencias se sienten en la salud, la economía local y la vida cotidiana de quienes dependen de estos recursos. El trabajo plantea la necesidad de adoptar políticas integrales que incluyan reforestación, educación ambiental e inversión en infraestructuras. también subraya la urgencia de fortalecer los acuerdos entre ambos piases y de involucrar a las comunidades en la gestión del agua, como vía para reducir conflictos y asegurar un uso responsable de los ríos compartidos. | ||
| 700 | 1 |
_aPuente Cabrera, Alexandra Kirsy _esustentante |
|
| 700 | 1 |
_aMéndez Medina, Dominga _easesora metodológica |
|
| 700 | 1 |
_aSantana Morillo, Ronny _easesor de contenido |
|
| 942 |
_2CL _cT |
||
| 999 |
_c8606 _d8606 |
||